ბათუმის შოთა რუსთაველის სახელმწიფო უნივერსიტეტის ბიბლიოთეკა

იან ამოს კომენიუსის "მათეტიკა" (სწავლის თეორია) / (ბიბ.ჩანაწერი № 57571)

000 -ლიდერი
ფიქსირებული სიგრძის საკონტროლო ველი 01429nam a22002417a 4500
003 - საკონტროლო ნომრის იდენტიფიკატორი
საკონტროლო ველი Ge_BSU
005 - ბოლო ოპერაციის თარიღი და დრო
საკონტროლო ველი 20200803132746.0
008 - ფიქსირებული სიგრძის მონაცემთა ელემენტები - ზოგადი ინფორმაცია
ფიქსირებული სიგრძის საკონტროლო ველი 200803s2020 ge ||||| |||| 00| 0 geo d
020 ## - წიგნის საერთაშორისო სტანდარტული ნომერი
International Standard Book Number 9789941484261
041 ## - ენის კოდი
Language code of text/sound track or separate title geo
080 ## - უნივერსალური ათობითი კლასიფიკაციის ინდექსი
Universal Decimal Classification number 37.01(092კომენსკი) ბ-29
100 ## - მთავარი ჩანაწერი - პიროვნების სახელი
Personal name ბასილაძე, იმერი
9 (RLIN) 4917
245 ## - ცნობა სათაურის შესახებ
Title იან ამოს კომენიუსის "მათეტიკა" (სწავლის თეორია) /
Statement of responsibility, etc იმერი ბასილაძე, ეთერ ღვინერია; რედ. თ. ღვინიანიძე; ქუთაისის ა. წერეთლის სახ. უნივერსიტეტი პედაგოგიკის დეპარტამენტი.
264 ## - წარმოების, გამოცემის, დისტრიბუციის და სხვა ცნობები
გამოცემის, წარმოების, დისტრიბუციის... ადგილი ქუთაისი :
გამოცემის, წარმოების, დისტრიბუციის... სახელწოდება აწსუ,
გამოცემის, წარმოების, დისტრიბუციის... თარიღი 2020.
300 ## - ფიზიკური აღწერა
Extent 192 გვ.
Other physical details 20 სმ.
504 ## - BIBLIOGRAPHY, ETC. NOTE
Bibliography, etc ბიბლიოგრ. გვ. 184-191
653 ## - INDEX TERM--UNCONTROLLED
Uncontrolled term პედაგოგიკა
653 ## - INDEX TERM--UNCONTROLLED
Uncontrolled term სწავლის თეორია
700 ## - ADDED ENTRY--PERSONAL NAME
Personal name ღვინერია, ეთერ
Relator term ავტორი
9 (RLIN) 9101
700 ## - ADDED ENTRY--PERSONAL NAME
Personal name ღვინიანიძე, თ.
Relator term რედაქტორი
9 (RLIN) 9102
710 ## - ADDED ENTRY--CORPORATE NAME
Corporate name or jurisdiction name as entry element ქუთაისის ა. წერეთლის სახ. უნივერსიტეტი პედაგოგიკის დეპარტამენტი
9 (RLIN) 9103
942 ## - ADDED ENTRY ELEMENTS (KOHA)
Source of classification or shelving scheme
Koha item type წიგნი
ეგზემპლარები
ჩამოწერის სტატუსი დაკარგული ეგზემპლარის სტატუსი კლასიფიკაციის წყარო ან თაროზე გაწყობის სქემა დაზიანების სტატუსი არ გაიცემა მუდმივი მდებარეობა (დაცვის ადგილი) ამჟამინდელი ადგილსამყოფელი თაროზე განთავსების ადგილი შეძენის თარიღი ღირებულება, შესყიდვის ნორმალური ფასი სრული შენახვის შიფრი შტრიხკოდი ბოლო ოპერაციის თარიღი ეგზემპლარის მიმდევრობითი ნომერი (კეტერი?) ფასის ძალაში შესვლის თარიღი ეგზემპლარის სახეობა საჯარო შენიშვნა
          ბათუმის შოთა რუსთაველის სახელმწიფო უნივერსიტეტის მთავარი ბიბლიოთეკა ბათუმის შოთა რუსთაველის სახელმწიფო უნივერსიტეტის მთავარი ბიბლიოთეკა წიგნსაცავი 2020-08-03 8.00 37.01(092კომენსკი) ბ-29 60768 2020-08-03 60768 2020-08-03 წიგნი 8 ლ.